|
|
|
|
| LEADER |
00000nab a2200000ua 4500 |
| 001 |
vtls010831291 |
| 003 |
SK-MaSNL |
| 005 |
20260303144542.0 |
| 008 |
230222s2010 xo |||||||||||||||||eng| |
| 035 |
|
|
|a (urnnbn)urn:nbn:sk:snk:ar-a06iui
|
| 035 |
|
|
|a urn:nbn:sk:snk-ab5w7n
|
| 035 |
|
|
|a (uuid)d12f09bf-ecf6-490a-b339-01183b33a7f4
|
| 040 |
|
|
|a SNKBUCL
|b slo
|c SNKBUCL
|e AACR2
|
| 041 |
0 |
|
|a eng
|
| 044 |
|
|
|a xo
|c SK
|
| 100 |
1 |
|
|a Janoško, Ivan,
|d 1963-
|4 aut
|9 112144
|
| 245 |
1 |
0 |
|a DIAGNOSTIC OF JETS IN MPI SYSTEM
|c Ivan Janoško, Jozef Chrastina, Marek Daňko, Michal Horka, Robert Šimor
|
| 246 |
3 |
|
|a DIAGNOSTIKA DÝZ VSTREKOVACIEHO SYSTÉMU MPI
|
| 700 |
1 |
|
|a Chrastina, Jozef
|4 aut
|9 419561
|
| 700 |
1 |
|
|a Daňko, Marek
|4 aut
|9 346802
|
| 700 |
1 |
|
|a Horka, Michal,
|d 1943-
|4 aut
|9 39047
|
| 700 |
1 |
|
|a Šimor, Robert
|4 aut
|9 651208
|
| 773 |
0 |
|
|t Acta technologica agriculturae : vedecký časopis pre mechanizáciu poľnohospodárstva
|g Roč. 13, č. 4 (2010), s. 92-95
|
| 958 |
|
|
|a OND
|
| 958 |
|
|
|a EUIPO
|
| 958 |
|
|
|a article5
|
| 999 |
|
|
|c 1997808
|d 1999738
|